Statistiques concernant Trouve les paroles - Place des grands hommes - Patrick Bruel

Cliquez ici pour prendre le quiz!

Statistiques générales

  • Ce quiz a été pris 279 fois
  • Le résultat moyen est 299 sur 411

Statistiques - réponses

Réponse% Correct
a
99%
à
99%
de
99%
On
99%
on
99%
Dans
98%
dans
98%
ans
97%
Des
97%
des
97%
hommes
97%
me
97%
rendez-vous
97%
se
97%
10
96%
dit
96%
grands
96%
heure
96%
jour
96%
Même
96%
même
96%
95%
La
95%
la
95%
Le
95%
le
95%
place
95%
s'était
95%
et
94%
Et
94%
au
93%
aura
93%
quand
93%
verra
92%
les
91%
Sur
91%
sur
91%
3
90%
30
89%
est
89%
moi
88%
0
87%
dix
87%
pas
86%
1
85%
marches
85%
Si
84%
si
84%
aussi
82%
d'la
81%
venu
81%
je
78%
Mais
78%
2
77%
toi
77%
par
75%
pommes
75%
te
75%
rien
74%
ces
73%
être
73%
premier
73%
que
73%
4
72%
trente
71%
tu
70%
Tu
70%
dire
69%
j'ai
69%
J'ai
69%
en
67%
j'veux
65%
l'eau
65%
quartier
65%
qui
65%
un
65%
C'est
64%
c'est
64%
avait
63%
plus
63%
droite
61%
fait
61%
pour
61%
crépuscule
60%
détours
59%
J'fais
59%
qu'est-ce
59%
Qu'est-ce
59%
réussi
59%
vent
59%
vie
58%
vous
58%
belle
57%
rue
57%
toujours
57%
années
56%
l'dos
56%
Séverine
56%
Une
56%
une
56%
Combien
55%
Comme
55%
comme
55%
fou
55%
printemps
55%
t'as
55%
T'as
55%
trois
55%
gamins
54%
tranquille
54%
médecin
53%
nagé
53%
seront
53%
deviens
52%
Rappelle
52%
vitrine
52%
fais
51%
t'es
51%
changé
49%
c'qu'un
49%
d'un
49%
Soufflot
49%
marres
48%
temps
48%
Elle
47%
flotté
47%
regards
47%
surface
47%
voulait
47%
envie
46%
ses
46%
Trottoirs
46%
Dernière
45%
explorer
45%
ligne
45%
soir
45%
usés
45%
trompé
44%
attendez-moi
43%
baissés
43%
d'elle
43%
d'y
43%
eu
43%
mariée
43%
regardera-t-elle
43%
souvent
42%
ton
42%
gauche
41%
j'me
41%
tout
41%
pari
40%
Pascale
40%
traverser
40%
Eric
39%
J'avais
39%
j'y
39%
l'amitié
39%
peur
39%
peut
39%
retrouvailles
39%
copains
38%
Devant
38%
Gégé
38%
heureux
38%
serais
38%
allais
37%
hautes
37%
l'subconscient
37%
tempêtes
37%
J'imagine
36%
l'miroir
36%
marées
36%
suivrai
36%
basses
35%
d'antiquités
35%
main
35%
Remonte-t-il
35%
table
35%
As-tu
34%
bourrasques
34%
d'être
34%
connu
33%
derrière
33%
formidable
33%
Scrabble
33%
simplement
33%
Chaque
32%
lettres
32%
vois
32%
François
31%
nouvelle
31%
part
31%
s'est
31%
amour
30%
lycéenne
30%
devenus
29%
étale
29%
Marco
29%
mettre
28%
morte
27%
rencontré
27%
donnait
26%
Evelyne
26%
l'reflet
25%
Allez
24%
ambitionnait
24%
Bruno
24%
Marion
23%
Laurence
22%
ben
17%
Tiens
15%
s'sert
11%

Distribution des résultats

Percentile par nombre de réponses

% des personnes avec chaque résultat

Votre développement - résultats

Vous n’avez pas pris ce quiz